Musalima Bāṃlā sāhitya. (Record no. 82104)

MARC details
000 -LEADER
fixed length control field 00577cam a22002171 4500
001 - CONTROL NUMBER
control field sa 68007916
003 - CONTROL NUMBER IDENTIFIER
control field DLC
005 - DATE AND TIME OF LATEST TRANSACTION
control field 20260227112526.0
008 - FIXED-LENGTH DATA ELEMENTS--GENERAL INFORMATION
fixed length control field 881028s1968 xx 000 0 beno
010 ## - LIBRARY OF CONGRESS CONTROL NUMBER
LC control number sa 68007916
035 ## - SYSTEM CONTROL NUMBER
System control number (OCoLC)23574747
040 ## - CATALOGING SOURCE
Original cataloging agency DLC
Transcribing agency MiU
Modifying agency DLC
042 ## - AUTHENTICATION CODE
Authentication code premarc
050 00 - LIBRARY OF CONGRESS CALL NUMBER
Classification number PK1701
Item number .N85
100 2# - MAIN ENTRY--PERSONAL NAME
Personal name Nūraula Isalāma, Mustāphā,
Dates associated with a name 1927-
245 10 - TITLE STATEMENT
Title Musalima Bāṃlā sāhitya.
260 ## - PUBLICATION, DISTRIBUTION, ETC.
Date of publication, distribution, etc. [1968]
300 ## - PHYSICAL DESCRIPTION
Extent 138 p.
Dimensions 23 cm.
500 ## - GENERAL NOTE
General note Romanized.
650 #0 - SUBJECT ADDED ENTRY--TOPICAL TERM
Topical term or geographic name entry element Bengali literature
General subdivision Muslim authors
-- History and criticism.

No items available.

Powered by Koha